| 000 | 00606nam a22001817a 4500 | ||
|---|---|---|---|
| 005 | 20251108175034.0 | ||
| 008 | 250721s2010 xx 000 0 ara d | ||
| 082 | 1 | 4 | _aم/333.95/أشر |
| 100 | 1 | _aالأشرم، محمود | |
| 245 | 1 | 0 | _aالتنوع الحيوي والتنمية المستدامة والغذاء / |
| 264 | 1 |
_aبيروت : _bمركز دراسات الوحدة العربية، _c2010. |
|
| 300 | _a416ص. | ||
| 650 | 1 | 7 | _aالامن الغذائي |
| 650 | 1 | 7 | _aالتنمية الزراعية |
| 650 | 1 | 7 | _aالموارد البشرية |
| 942 |
_2ddc _cREF |
||
| 999 |
_c124613 _d124613 |
||